| 000 | 00474nam a2200193Ia 4500 | ||
|---|---|---|---|
| 008 | 150909s9999 xx 000 0 und d | ||
| 041 | _aEnglish | ||
| 082 | _a338.1 | ||
| 082 | _bACH/AG | ||
| 100 | _aAcharya S.S | ||
| 100 | _eAuthor | ||
| 245 | _aAgricultural prices : analysis and policy | ||
| 260 | _aNew Delhi | ||
| 260 | _bOxford and IBH publishing | ||
| 260 | _c1994 | ||
| 365 | _aRs.120 | ||
| 650 | _aAgricultural economics | ||
| 942 | _cBB | ||
| 999 |
_c197645 _d197645 |
||